000 00446nam a2200181Ia 4500
001 2597
005 20260306144818.0
008 260306t2015||||xx |||||||||||||| ||spa||
041 _aESP
082 _a616.898
_bL44
100 _aLemos Giráldez, Serafín
_eAUT
245 0 _aEsquizofrenia y otros trastornos psicóticos
260 _c2015
300 _a303 páginas :
_c21 cm.
650 _aGEN
654 _aCPS
942 _cLIB
_dJUS
_fJUS
_2ddc
_n
999 _c2597
_d2597